书目信息 |
| 题名: |
音乐的大海-巴赫
|
|
| 作者: | 余志刚 著 | |
| 分册: | ||
| 出版信息: | 上海 上海人民出版社 1998.10 |
|
| 页数: | 221页 | |
| 开本: | 20cm | |
| 丛书名: | ||
| 单 册: | ||
| 中图分类: | K835.165.7 | |
| 科图分类: | ||
| 主题词: | 艺术家--传记--德国 | |
| 电子资源: | ||
| ISBN: | 7-208-02877-X | |
| 000 | 00555nam0 2200193 45 | |
| 001 | 0111231014 | |
| 005 | 20050426083112.1 | |
| 010 | @a7-208-02877-X@dCNY13.50 | |
| 100 | @a20011123d1998 km y0chiy0120 ea | |
| 101 | 0 | @achi |
| 105 | @a z 000yy | |
| 200 | 1 | @a音乐的大海-巴赫@AYin Yue De Da Hai-Ba He@f余志刚著@FYu Zhi Gang Zhu |
| 210 | @a上海@c上海人民出版社@d1998.10 | |
| 215 | @a221页@c彩图@d20cm | |
| 606 | 0 | @a艺术家@x传记@y德国 |
| 690 | @aK835.165.7@v3 | |
| 701 | 0 | @a余志刚@4著 |
| 801 | @aCN@bTSTC@c20011123 | |
| 905 | @dK835.165.7@e320@b282518@f1 | |
| 音乐的大海-巴赫/余志刚著.-上海:上海人民出版社,1998.10 |
| 221页:彩图;20cm |
| ISBN 7-208-02877-X:CNY13.50 |
| ● |
| 相关链接 |
|
|
|
|
正题名:音乐的大海-巴赫
索取号:K835.165.7/320
 
预约/预借
| 序号 | 登录号 | 条形码 | 馆藏地/架位号 | 状态 | 备注 |
| 1 | 0282518 | 002825189 | 第二借阅区/ [索取号:K835.165.7/320] | 在馆 | |
| 2 | 0282519 | 002825198 | 第二借阅区/ [索取号:K835.165.7/320] | 在馆 | |
| 3 | 0282520 | 002825205 | 第二样本阅览室/ [索取号:K835.165.7/320] | 在馆 |